Normal view
MARC view
- Sex role.
Entry Topical Term
001 - CONTROL NUMBER
- control field: 39896
003 - CONTROL NUMBER IDENTIFIER
- control field: OSt
005 - DATE AND TIME OF LATEST TRANSACTION
- control field: 20190924090315.0
008 - FIXED-LENGTH DATA ELEMENTS
- fixed length control field: 190924|| aca||aabn | a|a d
040 ## - CATALOGING SOURCE
- Original cataloging agency: OSt
- Transcribing agency: OSt
150 ## - HEADING--TOPICAL TERM
- Topical term or geographic name entry element: Sex role.
670 ## - SOURCE DATA FOUND
- Source citation: Work cat.: (OSt)14215: 39374 Steinmetz, Katy., Why uncle Sam wants to know how many LGBT people are in America/, c2016.
